000 nam a22 7a 4500
999 _c8092
_d8092
008 171128b xxu||||| |||| 00| 0 eng d
100 _aGeorge.J.
_94538
245 _aMoulding your Child
260 _aMumbai
_bB.Y
_c2005